| 000 | 01273nam a22001937a 4500 | ||
|---|---|---|---|
| 005 | 20240124145128.0 | ||
| 010 | _aB-757176-188 | ||
| 020 |
_a9788196431914 _c180.00 |
||
| 035 | _aB-757176-188 | ||
| 037 | _bअक्षरेश एंटरप्राइज़ेज़ | ||
| 082 | _a000 | ||
| 245 |
_aUPPSC मुख्य परीक्षा विशेष सामान्य अध्ययन: _bप्रश्न पत्र-6/ _cसंपादक एन.एन.ओझा |
||
| 260 |
_aउत्तर प्रदेश _bक्रॉनिकल पब्लिकेशन प्रा.लि. _c2023 |
||
| 270 |
_aए-27डी, सेक्टर-16, नोएडा _bउत्तर प्रदेश _e201301 |
||
| 300 |
_a168पृ. _c28सेमी(अजिल्द) |
||
| 700 |
_aओझा,एन.एन. _eसंपादक _961076 |
||
| 942 |
_2ddc _cHN _h000 _mUPP |
||
| 999 |
_c200310 _d200310 |
||